Countries with the Most Dutch Speakers - Statistics

General Stats
  • This quiz has been taken 131 times
  • The average score is 11 of 14
Answer Stats
Dutch Speakers Country % Correct
6,064,866 Belgium
100%
15,766,786 Netherlands
100%
93,871 Germany
97%
96,908 France
94%
30,407 United Kingdom
92%
183,885 United States
89%
99,020 Canada
83%
9,848 Luxembourg
79%
400,000 Suriname
72%
22,167 Switzerland
72%
3,802 Austria
67%
5,466 South Africa
57%
23,860 New Zealand
41%
1,650 Finland
19%
No matching quizzes found
Score Distribution
Percent of People with Each Score
Percentile by Number Answered
Your Score History
You have not taken this quiz